书目信息 |
| 题名: |
刻意练习
|
|
| 作者: | 艾利克森 , 普尔 著 ;王正林 译 | |
| 分册: | ||
| 出版信息: | 北京 机械工业出版社 2018 |
|
| 页数: | 319页 | |
| 开本: | 21cm | |
| 丛书名: | ||
| 单 册: | ||
| 中图分类: | B848.2 | |
| 科图分类: | ||
| 主题词: | 人类--ren lei--能力--研究 | |
| 电子资源: | ||
| ISBN: | 978-7-111-55128-7 | |
| 000 | 01539nam0 2200325 45 | |
| 001 | 012001004868 | |
| 005 | 20260407172002.62 | |
| 010 | @a978-7-111-55128-7@dCNY39.00 | |
| 092 | @aCN@bREADER-45420 | |
| 099 | @aCAL 012016139046 | |
| 100 | @a20161102d2016 em y0chiy50 ea | |
| 101 | 1 | @achi@ceng |
| 102 | @aCN@b110000 | |
| 105 | @ay z 000yy | |
| 200 | 1 | @a刻意练习@AKe Yi Lian Xi@e如何从新手到大师@f(美) 安德斯·艾利克森, 罗伯特·普尔著@d= Peak@esecrets from the new science of expertise@fAnders Ericsson, Robert Pool@g王正林译@zeng |
| 210 | @a北京@c机械工业出版社@d2018 | |
| 215 | @a319页@d21cm | |
| 305 | @a据2016年英文版译出 | |
| 306 | @a本书中文简体字版由Elyse Cheney Literary Associates, NY通过Big Apple Tuttle-Mori Agency, Inc.授权机械工业出版社在中华人民共和国境内 (不包括香港、澳门特别行政区及中国台湾地区) 独家出版发行 | |
| 330 | @a真正的“一万小时天才理论”。作者是“刻意练习”理论的提出者, 他在本书中通过数字记忆、国际象棋棋手和小提琴家的例子, 详细、系统地阐述了普通人如何通过刻意练习成为某个领域的专家, 并指导人们如何运用刻意练习成为自己所在行业或领域的专家。 | |
| 333 | @a一般读者 | |
| 500 | 10 | @aPeak : secrets from the new science of expertise@mChinese |
| 517 | 1 | @a如何从新手到大师@ARu He Cong Xin Shou Dao Da Shi |
| 606 | 0 | @a人类@Aren lei@x能力@x研究 |
| 690 | @aB848.2@v5 | |
| 701 | 1 | @a艾利克森@Aai li ke sen@g(Ericsson, Anders)@4著 |
| 701 | 1 | @a普尔@Apu er@g(Pool, Robert)@4著 |
| 702 | 0 | @a王正林@Awang zheng lin@4译 |
| 801 | 0 | @b江苏凤凰@c20191020 |
| 905 | @b1239681-6@dB848.2@e3470@f6 | |
| 刻意练习:如何从新手到大师/(美) 安德斯·艾利克森, 罗伯特·普尔著= Peak:secrets from the new science of expertise/Anders Ericsson, Robert Pool/王正林译.-北京:机械工业出版社,2018 |
| 319页;21cm |
| 使用对象:一般读者 |
| ISBN 978-7-111-55128-7:CNY39.00 |
| 真正的“一万小时天才理论”。作者是“刻意练习”理论的提出者, 他在本书中通过数字记忆、国际象棋棋手和小提琴家的例子, 详细、系统地阐述了普通人如何通过刻意练习成为某个领域的专家, 并指导人们如何运用刻意练习成为自己所在行业或领域的专家。 |
| ● |
| 相关链接 |
|
|
|
|
正题名:刻意练习
索取号:B848.2/3470
 
预约/预借
| 序号 | 登录号 | 条形码 | 馆藏地/架位号 | 状态 | 备注 |
| 1 | 1239681 | 212396815 | 第一样本阅览室/ [索取号:B848.2/3470] | 在馆 | |
| 2 | 1239682 | 212396824 | 教育系资料室/ [索取号:B848.2/3470] | 在馆 | |
| 3 | 1239683 | 212396833 | 教育系资料室/ [索取号:B848.2/3470] | 在馆 | |
| 4 | 1239684 | 212396842 | 教育系资料室/ [索取号:B848.2/3470] | 在馆 | |
| 5 | 1239685 | 212396851 | 第一借阅区/ [索取号:B848.2/3470] | 在馆 | |
| 6 | 1239686 | 212396860 | 第一借阅区/ [索取号:B848.2/3470] | 在馆 | |
| 7 | 1442530 | 214425308 | 第一借阅区/ [索取号:B848.2/3470] | 在馆 |